Statistiques concernant Indicatifs téléphoniques internationaux (Europe) - Trouve le pays

Cliquez ici pour prendre le quiz!

Statistiques générales

  • Ce quiz a été pris 9 fois
  • Le résultat moyen est 31 sur 62

Statistiques - réponses

CodePays% Correct
+33France
100%
+32Belgique
75%
+49Allemagne
63%
+34Espagne
63%
+7Kazakhstan
63%
+7Russie
63%
+41
(également à
Campione d'Italia)
Suisse
63%
+355Albanie
50%
+37
(anciennement)
Allemagne de l'Est
50%
+376Andorre
50%
+374
(géographiquement
non européen)
Arménie
50%
+43Autriche
50%
+994Azerbaïdjan
50%
+375Biélorussie
50%
+387Bosnie-Herzégovine
50%
+357Chypre
50%
+385Croatie
50%
+45Danemark
50%
+372Estonie
50%
+358Finlande
50%
+995Géorgie
50%
+350
(non indépendant)
Gibraltar
50%
+30Grèce
50%
+36Hongrie
50%
+298
(non indépendant)
Îles Féroé
50%
+353Irlande
50%
+354Islande
50%
+39Italie
50%
+383
(depuis le 15/12/2016)
Kosovo
50%
+371Lettonie
50%
+423Liechtenstein
50%
+370Lituanie
50%
+352Luxembourg
50%
+389Macédoine du Nord
50%
+356Malte
50%
+373Moldavie
50%
+377Monaco
50%
+382Monténégro
50%
+47Norvège
50%
+31Pays-Bas
50%
+48Pologne
50%
+351Portugal
50%
+40Roumanie
50%
+44Royaume-Uni
50%
+378Saint-Marin
50%
+421Slovaquie
50%
+386Slovénie
50%
+46Suède
50%
+42
(anciennement)
Tchécoslovaquie
50%
+420Tchéquie
50%
+90Turquie
50%
+380Ukraine
50%
+379Vatican
50%
+38
(anciennement)
Yougoslavie
50%
+359Bulgarie
38%
+44
(non indépendant)
Guernesey
38%
+47
(n'est pas en Europe,
utilise aussi le code,
non indépendant)
Île Bouvet
38%
+44
(non indépendant)
Île de Man
38%
+358
(non indépendant)
Îles Åland
38%
+47
(non indépendant)
Jan Mayen
38%
+44
(non indépendant)
Jersey
38%
+381Serbie
38%

Distribution des résultats

Percentile par nombre de réponses

% des personnes avec chaque résultat

Votre développement - résultats

Vous n’avez pas pris ce quiz